000 00665nam a2200241Ia 4500
003 GCL
008 140319s9999 xx 000 0 ara d
040 _aGCL /
_cGCL
082 0 4 _a964.33
_bل ف
100 1 _aلوطورنو روجى
245 1 0 _aفاس قبل الحماية /
_cلوطورنو روجى
700 1 _aمحمد حجى (مترجم)
700 1 _aمحمد الاخضر
260 _a[S.N] :
_bدار الغرب الاسلامى ،
_c1986
300 _a650 ص
490 _a
650 0 4 _aتاريخ
650 0 4 _aالمغرب
650 0 4 _aدولة الادارسة
650 0 4 _aبنومدين
650 0 4 _aفاس
942 _2ddc
_cBK
999 _c35226
_d35226